Kyrkohistorisk Arsskrift (Record no. 1673)

MARC details
000 -LEADER
fixed length control field 00583nam a2200241 a 4500
020 ## - INTERNATIONAL STANDARD BOOK NUMBER
ISBN
082 00 - DEWEY DECIMAL CLASSIFICATION NUMBER
Classification number 270
Author Cutter LIN
100 ## - MAIN ENTRY--AUTHOR NAME
Author name Linderholm, D Emanuel
245 ## - TITLE STATEMENT
Title Kyrkohistorisk Arsskrift
260 ## - PUBLICATION, DISTRIBUTION, ETC. (IMPRINT)
Place of publication Uppsala
Name of publisher Uppsala Och Stockholm
Year of publication 1921
300 ## - PHYSICAL DESCRIPTION
Number of Pages 212p
500 ## - GENERAL NOTE
General note includes index and biblioraphy
505 2# - FORMATTED CONTENTS NOTE
Formatted contents note Index
650 ## - SUBJECT ADDED ENTRY--TOPICAL TERM
Topical Term Church-History
942 ## - ADDED ENTRY ELEMENTS (KOHA)
Koha item type Books
700 1# -
-- Linderholm, D Emanuel
Holdings
Collection code Home library Current library Date acquired Cost, normal purchase price Full call number Accession Number Koha item type
  Henry Martyn Institute Library Henry Martyn Institute Library 04/08/2008 100.00 270 LIN 00646 Books
                   Copyright © 2026 | Henry Martyn Institute | Hyderabad | TS-500052 | INDIA | Implemented by hmi.edu.in
Hit-Count:

Powered by Koha